Power electronic for technology (Record no. 65988)

000 -LEADER
fixed length control field 00433nam a22001697a 4500
003 - CONTROL NUMBER IDENTIFIER
control field NUST - PNEC
005 - DATE AND TIME OF LATEST TRANSACTION
control field 20170116180934.0
008 - FIXED-LENGTH DATA ELEMENTS--GENERAL INFORMATION
fixed length control field 150906b xxu||||| |||| 00| 0 eng d
020 ## - INTERNATIONAL STANDARD BOOK NUMBER
International Standard Book Number 8177585452
040 ## - CATALOGING SOURCE
Transcribing agency LIBRARY
082 ## - DEWEY DECIMAL CLASSIFICATION NUMBER
Classification number 621.317 AHM
100 ## - MAIN ENTRY--PERSONAL NAME
9 (RLIN) 8414
Personal name Ahmed, Ashfaq
245 ## - TITLE STATEMENT
Title Power electronic for technology
Statement of responsibility, etc. Ashfa Ahmed
260 ## - PUBLICATION, DISTRIBUTION, ETC.
Date of publication, distribution, etc. c.1999
650 ## - SUBJECT ADDED ENTRY--TOPICAL TERM
9 (RLIN) 8410
Topical term or geographic name entry element Electronical Engineering
General subdivision EE
942 ## - ADDED ENTRY ELEMENTS (KOHA)
Source of classification or shelving scheme
Koha item type Book
Holdings
Withdrawn status Lost status Source of classification or shelving scheme Damaged status Not for loan Permanent Location Current Location Shelving location Date acquired Total Checkouts Full call number Barcode Date last seen Price effective from Koha item type
          Pakistan Navy Engineering College (PNEC) Pakistan Navy Engineering College (PNEC)       621.317 AHM PNECLIB-028150 09/06/2015   Book
© 2023 Central Library, National University of Sciences and Technology. All Rights Reserved.